书目信息 |
| 题名: |
统一的罗马尼亚民族国家的形成
|
|
| 作者: | 朱雷斯库 著 ;陆象淦 译 | |
| 分册: | ||
| 出版信息: | 北京 人民出版社 1978 |
|
| 页数: | 154页 | |
| 开本: | 19cm | |
| 丛书名: | ||
| 单 册: | ||
| 中图分类: | K542.41 | |
| 科图分类: | ||
| 主题词: | 近代史-罗马尼亚 | |
| 电子资源: | ||
| ISBN: | ||
| 000 | 00746nam0 2200241 45 | |
| 001 | 0178002447 | |
| 005 | 20060914083551.10 | |
| 010 | @dCNY0.37 | |
| 091 | @a11001.368 | |
| 100 | @a19950725d1978 em y0chiy0121 ea | |
| 101 | 1 | @achi@crus |
| 102 | @aCN@b110000 | |
| 105 | @ay z 000yy | |
| 200 | 10 | @a统一的罗马尼亚民族国家的形成@Atong yi de luo ma ni ya min zu guo jia de xing cheng@f(罗)康·康·朱雷斯库著@F(luo)kang·kang·zhu lei si ku zhu@g陆象淦译 |
| 210 | @a北京@c人民出版社@d1978 | |
| 215 | @a154页@d19cm | |
| 606 | @a近代史-罗马尼亚 | |
| 607 | @a罗马尼亚@x近代史 | |
| 690 | @aK542.41@v4 | |
| 701 | 0 | @a朱雷斯库@Azhu lei si ku@4著 |
| 702 | 0 | @a陆象淦@Alu xiang gan@4译 |
| 801 | 0 | @aCN@bTSSF@c20060914 |
| 905 | @a10447@dK542.41@e1 | |
| 统一的罗马尼亚民族国家的形成/(罗)康·康·朱雷斯库著/陆象淦译.-北京:人民出版社,1978 |
| 154页;19cm |
| ISBN :CNY0.37 |
| ● |
| 相关链接 |
|
|
|
|
正题名:统一的罗马尼亚民族国家的形成
索取号:K542.41/1
 
预约/预借
| 序号 | 登录号 | 条形码 | 馆藏地/架位号 | 状态 | 备注 |
| 1 | 0004619 | 001395617 | 第二样本阅览室/ [索取号:K542.41/1] | 在馆 | |
| 2 | 0004620 | 202269507 | 密集书库/ [索取号:K542.41/1] | 在馆 | |
| 3 | 0435820 | 204358202 | 密集书库/ [索取号:K542.41/1] | 在馆 | |
| 4 | 0435821 | 204358211 | 密集书库/ [索取号:K542.41/1] | 在馆 | |
| 5 | 0473297 | 204732977 | 密集书库/ [索取号:K542.41/1] | 在馆 |